| 000 | 00648nam a2200217 a 4500 | ||
|---|---|---|---|
| 005 | 20240706063648.0 | ||
| 008 | 010921s1999 es r 000 0 spa d | ||
| 020 | _a847133688X | ||
| 035 | _aUPN01000111813 | ||
| 049 | _aCG | ||
| 050 | 4 |
_aLC4015 _bV5.28 |
|
| 100 | 1 | _aVlachou, Anastacia D. | |
| 245 | 1 | 0 |
_aCaminos hacia una educación inclusiva / _cAnastasia D. Vlachou ; tr. Javier Orduna Cosmen. |
| 260 |
_aMadrid : _bMuralla, _c1999. |
||
| 300 | _a262 p. | ||
| 440 | 0 | _aAula abierta | |
| 650 | 4 |
_aNiños con discapacidad _xEducación _91549 |
|
| 650 | 4 |
_aEducación especial _93029 |
|
| 650 | 4 |
_aEducación inclusiva _97100 |
|
| 905 | _aLibro | ||
| 999 |
_c85721 _d85721 |
||